Methodi Aliqvot Locorvm Doctrinae Ecclesiae Dei, Illvstratae Exordiis, et alijs partibus orationis, in quibus monstratur vsus Dialecticae et Rhetoricae, in orationibus, quae pro concione ad plebem habentur: Traditae Rostochii. Per Simonem Pavli Suerinensem. Quarta pars, Continens Aliqvot Locorvm, Qvi Hactenvs Desiderati sunt, explicationem. In fine sunt additae Assertines De Libero Arbotrio, De Ivstificatione, De Bonis Operibvs, Et De Vera Dei Ecclesia

Iniciálky s ornamentálnym pozadímvo voľnom priestore na 3, 8 r., kustódy, papier má filigrány

Bibliographic Details
Main Author: Pauli, Simon, 1534-1591 (Author, Dedicator)
Corporate Author: Kirchner, Wolfgang (Magdeburg, Nemecko) (Printer)
Other Authors: Kirchner, Wolfgang, zomrel 1593 (Printer), Udalrich vojvoda veľkopoľský (hrn)
Format: Book
Language:Latin
Published: Magdebvrgi Excudebat VVolfgangus Kirchnerus Anno 1579
Subjects:

MARC

LEADER 00000nam a2200000 a 4500
001 vtls011598708
003 SK-MaSNL
005 20260301140410.0
008 240318s1579 gw a | 000 0 lat
015 |a SDKKZAY16-00008 
035 |a 898AF49C-81DB-44AA-B764-B73C6885F011 
035 |a urn:nbn:sk:snk-am3h4id 
035 |a urn:nbn:sk:snk-am00cn7z 
040 |a SNK  |b slo  |c SNK  |e AACR2 
041 0 |a lat 
044 |a gw  |c DE 
100 1 |a Pauli, Simon,  |d 1534-1591  |4 aut  |9 169212 
240 0 |a Methodi praecipuorum locorum doctrinae ecclesiae Dei 
245 1 0 |a Methodi Aliqvot Locorvm Doctrinae Ecclesiae Dei, Illvstratae Exordiis, et alijs partibus orationis, in quibus monstratur vsus Dialecticae et Rhetoricae, in orationibus, quae pro concione ad plebem habentur: Traditae Rostochii. Per Simonem Pavli Suerinensem. Quarta pars, Continens Aliqvot Locorvm, Qvi Hactenvs Desiderati sunt, explicationem. In fine sunt additae Assertines De Libero Arbotrio, De Ivstificatione, De Bonis Operibvs, Et De Vera Dei Ecclesia 
260 |a Magdebvrgi  |b Excudebat VVolfgangus Kirchnerus  |c Anno 1579 
300 |a 4 partes  |c 8°  |c 16 x 10 cm 
505 1 |a Par 4.: [8], 228 l. 
508 |a Ded.: Udalrich - vojvoda veľkopoľský; Pauli Simon 
510 4 |a VD 16 P/976 
520 |a Iniciálky s ornamentálnym pozadímvo voľnom priestore na 3, 8 r., kustódy, papier má filigrány 
562 |a pečiatka Dr. E. Kadarász - ver. not. poz. Margity Zayovej Čís. 171. - Emi fl 25 Jos. Bajer. - M. Petrus Ivanka [...]. - H. II. Nr. 437 ex Bibl. Ugr. Zay.  |5 SNK ID 99484/4 
563 |a Väzba: pôvodná, renesančná s ornamentálnou a figurálnou slepotlačou, jedna spona zachovaná, stopa po spone.  |5 SNK ID 99484/4 
650 0 7 |a teológia  |x spisy vieroučné  |2 SNK  |9 428929 
700 1 |a Zaiová, Margita,  |d 1868-1937  |4 own  |9 186369 
700 1 |a Kadarász, Ernest  |4 oth  |9 302455 
700 1 |a Kirchner, Wolfgang,  |d zomrel 1593  |4 prt  |9 213760 
700 1 |a Bajer, Jozef  |4 own  |9 349713 
700 1 |a Pauli, Simon,  |d 1534-1591  |4 dto  |9 169212 
700 1 |a Ivanka, Peter  |4 own  |9 493028 
700 0 |a Udalrich  |c vojvoda veľkopoľský  |4 hrn  |9 493029 
710 0 |a Kirchner, Wolfgang (Magdeburg, Nemecko),  |d 1560-1593  |4 prt  |9 493030 
752 |a Nemecko  |d Magdeburg 
852 |a SNK  |b Zaiova knižnica: Zay M 178  |p ID 99484/4 
958 |a ONDV 
999 |c 763530  |d 765460 
952 |t Zay 178  |a SNK  |b SNK  |c SNK_HF  |y PREZ  |7 0  |p 17A1129761  |o snkID 99484/4  |i snk2016/28453  |8 5  |0 0  |1 0  |4 0  |d 2016-12-09  |f 1  |l 0  |r 2026-02-24 00:11:27  |w 2026-02-24